000 00547nam a2200181 i 4500
001 133482
003 ES-MaACL
005 20230906194425.0
007 t|
008 070816s1905 xxk ||||1| eng d
080 _a16(038)
100 1 _aWolf, Abraham.
_9117220
245 1 4 _aThe existential import of categorical predication
_b: study in logic /
_cby A. Wolf.
260 _aCambridge :
_bUniversity Press,
_c1905 (
_fC. F. Clay)
300 _aXII, 164 p. ;
_c19 cm.
650 4 _aLógica-
_vDiccionarios.
_914694
852 _aES-MaACL
_jD-3475
999 _c133482
_d133482